000 01549cam a2200265 4500500
005 20251228073420.0
041 _afre
042 _adc
100 1 0 _aTurnheim, Michael
_eauthor
245 0 0 _aAutisme et écriture
260 _c2003.
500 _a46
520 _aRésumé L’importance de la fonction de l’écriture dans l’autisme a souvent été soulignée. L’interprétation de ce phénomène dépend cependant de la conception qu’on se fait de l’écriture. À partir des productions graphiques d’un enfant autistique, il s’agit de montrer en quoi la prise en considération d’une connexion entre écriture et violence, soulignée par Derrida, se révèle féconde pour l’étude des mécanismes spécifiques de l’autisme.
520 _aThe importance of the function of writing in autism has often been noted. However, the interpretation of this phenomenon depends on the conception one has of writing. The graphic productions of an autistic child show the extent to which Derrida’s emphasis of the existence of a relationship between writing and violence is of interest for the exploration of the mechanism underlying autism.
690 _aAutisme
690 _aDerrida.
690 _aécriture
690 _aviolence
690 _aAutism
690 _aDerrida.
690 _aviolence
690 _awriting
786 0 _nSavoirs et clinique | 2 | 1 | 2003-05-01 | p. 33-39 | 1634-3298
856 4 1 _uhttps://shs.cairn.info/revue-savoirs-et-cliniques-2003-1-page-33?lang=fr&redirect-ssocas=7080
999 _c1595216
_d1595216